Eric Dane Filmography - Statistics

General Stats
  • This quiz has been taken 10 times
    3 since last reset
  • The average score is 5 of 50
Answer Stats
Type Year Name % Correct
TV Show 2006-2012, 2021 Grey's Anatomy
100%
TV Show 2019-Present Euphoria
67%
Film 2024 Bad Boys: Ride or Die
33%
Film 2025 Borderline
33%
Film 2010 Burlesque
33%
Web Series 2025 Countdown
33%
Film TBA Family Secrets
33%
Film 2008 Marley & Me
33%
TV Show 2009, 2010 Private Practice
33%
TV Show 2014-2018 The Last Ship
33%
Film 2010 Valentine's Day
33%
Video Game 2006 X-Men: The Official Game
33%
Film 2023 Americana
0%
Film 2022 American Carnage
0%
TV Pilot 2001 Ball & Chain
0%
TV Show 2003-2004 Charmed
0%
TV Show 1997 Crisis Center
0%
Film 2023 Dangerous Waters
0%
TV Show 2018 Family Guy
0%
Film 2005 Feast
0%
TV Show 2000-2001 Gideon's Crossing
0%
Documentary 2024 Good Men
0%
Film 2017 Grey Lady
0%
TV Film 2004 Helter Skelter
0%
TV Mini-Series 2025 Kabul
0%
TV Show 2004 Las Vegas
0%
Film 2023 Little Dixie
0%
TV Show 1995 Married... with Children
0%
Film 2024 One Fast Move
0%
Film 2006 Open Water 2: Adrift
0%
TV Film 2005 Painkiller Jane
0%
Music Video 2019 Perfect Man
0%
TV Show 2005 Project Greenlight
0%
Film 2022 Redeeming Love
0%
TV Show 1992 Renegade
0%
TV Show 1996 Roseanne
0%
TV Show 1991 Saved by the Bell
0%
TV Mini-Series 1996 Seduced by Madness: The Diane Borchardt Story
0%
TV Film 1995 Serving in Silence: The Margarethe Cammermeyer Story
0%
TV Show 1996 Silk Stalkings
0%
Film 2003 Sol Goode
0%
TV Show 2002 The American Embassy
0%
Film 1999 The Basket
0%
TV Mini-Series 2015 The Fixer
0%
Film 2021 The Ravine
0%
TV Show 1993 The Wonder Years
0%
TV Film 2006 Wedding Wars
0%
Web Mini-Series 2020 Wireless
0%
Film 2006 X-Men: The Last Stand
0%
TV Show 2000 Zoe, Duncan, Jack & Jane
0%
No matching quizzes found
Score Distribution
Percent of People with Each Score
Percentile by Number Answered
Your Score History
You have not taken this quiz since the last reset